Religiones prehistóricas y primitivas
Guardat en:
| Autors principals: | , |
|---|---|
| Format: | Llibre |
| Idioma: | espanyol |
| Publicat: |
Andorra la Vieja
Casal y Vall
1960
|
| Edició: | 1a. ed |
| Col·lecció: | Enciclopedia del Católico en el Siglo XX, 141
|
| Matèries: | |
| Etiquetes: |
Afegir etiqueta
Sense etiquetes, Sigues el primer a etiquetar aquest registre!
|
MARC
| LEADER | 00000cam a2200000 a 4500 | ||
|---|---|---|---|
| 001 | UCE0926 | ||
| 003 | CL-VaPUC | ||
| 008 | 140317e19600000an |||||||||||||||||spa|d | ||
| 082 | 0 | 4 | |a 291.042 |b BER |2 21 |
| 100 | 0 | |a Bergounioux, F. M |e author |9 573337 | |
| 700 | 0 | |a Goetz, Joseph |e author |9 573338 | |
| 245 | 1 | 0 | |a Religiones prehistóricas y primitivas |
| 250 | |a 1a. ed | ||
| 300 | |a 154 p | ||
| 942 | |c BK | ||
| 945 | |d 20140317 10:17:00 |a dcastane | ||
| 260 | |a Andorra la Vieja |b Casal y Vall |c 1960 | ||
| 650 | 7 | |a RELIGIONES PRIMITIVAS |2 CL-VaPUC |9 573339 | |
| 650 | 0 | |a Creencia Religiosa |9 316904 | |
| 650 | 0 | |a Mitología |9 255719 | |
| 650 | 7 | |a LEYENDAS |2 CL-VaPUC |9 265258 | |
| 583 | |a last modification |c 20140317 10:17:00 |k Rodrigo Vera | ||
| 490 | 0 | |a Enciclopedia del Católico en el Siglo XX, 141 | |
| 999 | |c 354927 |d 354925 | ||
| 952 | |0 0 |1 0 |3 erb |4 0 |6 291_042000000000000_BER_1960 |7 0 |8 A |9 461158 |a BIBTEO |b BIBTEO |i 5050243 |o 291.042 BER 1960 |p 5050243 |r 2024-01-18 |w 2019-11-23 |y BK |z Catalogado en:20140317 |k ICR | ||